Comparative perspectives on industrial society
Guardat en:
| Autors principals: | , |
|---|---|
| Format: | Llibre |
| Idioma: | anglès |
| Publicat: |
Boston
Little, Brown and Company
1969
|
| Edició: | 1a. ed |
| Matèries: | |
| Etiquetes: |
Afegir etiqueta
Sense etiquetes, Sigues el primer a etiquetar aquest registre!
|
MARC
| LEADER | 00000nam a2200000 a 4500 | ||
|---|---|---|---|
| 001 | UCG0713 | ||
| 003 | CL-VaPUC | ||
| 008 | 100401e19690000US |||||||||||||||||eng|d | ||
| 082 | 0 | 4 | |a 338.9 |b FAU |2 21 |
| 100 | 0 | |a Faunce, William A |e author |9 548232 | |
| 700 | 0 | |a Form, William H |e author |9 548233 | |
| 245 | 1 | 0 | |a Comparative perspectives on industrial society |
| 250 | |a 1a. ed | ||
| 300 | |a 277 p | ||
| 942 | |c BK | ||
| 945 | |d 20100401 00:00:00 |a dcastane | ||
| 260 | |a Boston |b Little, Brown and Company |c 1969 | ||
| 650 | 0 | |a Sociedad industrial |9 345265 | |
| 650 | 0 | |a Desarrollo social |9 264534 | |
| 650 | 0 | |a Industrialización |9 263687 | |
| 650 | 0 | |a Desarrollo político |9 323087 | |
| 650 | 7 | |a SOCIEDAD TECNOLOGICA |2 CL-VaPUC |9 401896 | |
| 650 | 0 | |a Democratización |9 316630 | |
| 650 | 7 | |a SISTEMAS ECONOMICOS |2 CL-VaPUC |9 548234 | |
| 583 | |a last modification |c 20130328 10:26:22 |k Rodrigo Vera | ||
| 999 | |c 340258 |d 340256 | ||
| 952 | |0 0 |1 0 |4 0 |6 338_900000000000000_FAU_1969 |7 0 |8 A |9 434838 |a BIBHIS |b BIBHIS |d 2019-11-22 |i 4643755 |o 338.9 FAU 1969 |p 4643755 |r 2025-01-20 |w 2019-11-22 |y BK |k HIS | ||